000 00658cam a22002413a 4500
001 19478
003 PGUSA
005 20140828083419.0
008 061006s2006||||xxu|||||s|||||000 1 eng d
040 _aPGUSA
_beng
042 _adc
050 4 _aPS
100 1 _aPiper, H. Beam,
_d1904-1964
245 1 0 _aFour-Day Planet
_h[electronic resource] /
_cH. Beam Piper
260 _bProject Gutenberg,
_c2006
506 _aPublic domain in the USA.
516 _aElectronic text
653 _aScience fiction
653 _aSpace colonies -- Fiction
830 0 _aProject Gutenberg
_v19478
856 4 0 _uhttp://www.gutenberg.org/ebooks/19478
942 _cEB
999 _c248733
_d248733